| 000 | 00858nam a22002297a 4500 | ||
|---|---|---|---|
| 999 |
_c4470 _d4470 |
||
| 005 | 20251009101323.0 | ||
| 008 | 250225b ||||| |||| 00| 0 eng d | ||
| 020 | _a9781474847421 | ||
| 040 | _cKH8 | ||
| 082 | _a423 ABB | ||
| 100 |
_aABBOTT,SIMON _eILLUSTRATOR |
||
| 245 | _aMY FIRST PICTURE DICTIONARY | ||
| 260 |
_aCHARTIST HOUSE 15-17 TRIM STREET,BATH BA1 1HA,UK _bPARRAGON BOOKS LTD _c2016 |
||
| 300 |
_a128 pages _bcolour illustrations _c 27 cm x 21 cm x 1 cm |
||
| 500 | _a“Includes 100 gold star reward stickers.” | ||
| 520 | _a “Introduces simple vocabulary with definitions, example sentences, and illustrations.” | ||
| 650 |
_2English language _aJuvenile literature |
||
| 650 |
_2 Picture dictionaries _aJuvenile literature |
||
| 655 | _aIllustrated dictionaries | ||
| 700 |
_aAbbott, Simon _eIllustrator |
||
| 942 |
_2ddc _cNFIC |
||